<?xml version="1.0" encoding="utf-8"?>
<?xml-stylesheet type='text/xsl' href='./oai2.xsl'?>
<OAI-PMH xmlns="http://www.openarchives.org/OAI/2.0/" xmlns:xsi="http://www.w3.org/2001/XMLSchema-instance" xsi:schemaLocation="http://www.openarchives.org/OAI/2.0/ http://www.openarchives.org/OAI/2.0/OAI-PMH.xsd">
  <responseDate>2026-04-29T22:09:01Z</responseDate>
  <request verb="GetRecord" metadataPrefix="marcxml" identifier="record_kuniweb_24189">https://kulturerbe.niedersachsen.de/oai</request>
  <GetRecord>
    <record>
      <header>
        <identifier>record_kuniweb_24189</identifier>
        <datestamp>2026-03-31T19:09:18Z</datestamp>
        <setSpec>slg0161</setSpec>
      </header>
      <metadata>
        <marc:record xmlns:marc="http://www.loc.gov/MARC21/slim" xsi:schemaLocation="http://www.loc.gov/MARC21/slim http://www.loc.gov/standards/marcxml/schema/MARC21slim.xsd">
          <marc:leader>12345nrm  22     uu 4500</marc:leader>
          <marc:controlfield tag="001">24189</marc:controlfield>
          <marc:controlfield tag="003">http://kuniweb.gbv.de</marc:controlfield>
          <marc:controlfield tag="005">2016-12-09T13:35:15</marc:controlfield>
          <marc:controlfield tag="008">|           ||||||||||||||||||||||</marc:controlfield>
          <marc:datafield tag="245" ind1="1" ind2="0">
            <marc:subfield code="a">Willkommpokal (Nachbarschaft),  Einbeck, Hullerser Tor, 1860</marc:subfield>
          </marc:datafield>
          <marc:datafield tag="655" ind1=" " ind2="7">
            <marc:subfield code="a">Alltagskultur</marc:subfield>
          </marc:datafield>
          <marc:datafield tag="046" ind1=" " ind2=" ">
            <marc:subfield code="k">1860</marc:subfield>
            <marc:subfield code="k">1860</marc:subfield>
          </marc:datafield>
          <marc:datafield tag="260" ind1=" " ind2=" ">
            <marc:subfield code="g">1860</marc:subfield>
            <marc:subfield code="g">1860</marc:subfield>
          </marc:datafield>
          <marc:datafield tag="300" ind1=" " ind2=" ">
            <marc:subfield code="a">Höhe: 33 cm (mit Deckel)
Durchmesser: 12 cm (Fuß)</marc:subfield>
          </marc:datafield>
          <marc:datafield tag="520" ind1=" " ind2=" ">
            <marc:subfield code="a">Willkommpokal der Hullerser-Tor-Gemeinde, Nachbarschaftspokal 
Profilierter, gestufter Rundfuß, Balusterstiel mit oberen Nodus.
Becherförmiger, leicht gekehlter Körper. Flach gewölbter Deckel (D=11,5cm) mit glockenförmigem Knopf. Mit gravierten Inschriften.
Ohne Marke
Deckel mit Beschädigung (Stadtmuseum Einbeck)

Gravur:
Auf dem Deckel: "Willkomm der Hullerser-Thor Gemeinde 1860" Auf dem Körper: 1. "H. Steinberg. F. Fricke. (W.T.?) F. Eicke W.I...Schaffer 2. "A. Harms. F. Bense. A. Nüsse. A. Haunschild. C. Mühlbach 1873" 3. "H. Propfe. C. Warnecke. E. Franke. Ph. Frankenberg. C. Mühlbach1880" 4. "1903 W. Suthoff. H. Dehmann. H. Oppermann. H. Seidel. R. Schacht" 5. "1936: W. Suthoff. A. Höfer. B. Duwe. H. Nolte. C. Bolte. P. Geffers" (Schreibschrift)</marc:subfield>
          </marc:datafield>
          <marc:datafield tag="650" ind1="1" ind2=" ">
            <marc:subfield code="a">Behältnis, Hülle &gt; Behältnis &gt; Gefäß &gt; Becher &gt; Pokal</marc:subfield>
          </marc:datafield>
          <marc:datafield tag="650" ind1="1" ind2=" ">
            <marc:subfield code="a">Regionale Bräuche/Feste</marc:subfield>
          </marc:datafield>
          <marc:datafield tag="773" ind1="0" ind2=" ">
            <marc:subfield code="t">Sammlung Einbecker Nachbarschaften</marc:subfield>
          </marc:datafield>
          <marc:datafield tag="852" ind1=" " ind2=" ">
            <marc:subfield code="a">Stadtmuseum Einbeck</marc:subfield>
          </marc:datafield>
          <marc:datafield tag="" ind1=" " ind2=" ">
            <marc:subfield code="a">Namensnennung - Weitergabe unter gleichen Bedingungen 4.0 International (CC BY-SA 4.0)</marc:subfield>
          </marc:datafield>
        </marc:record>
      </metadata>
    </record>
  </GetRecord>
</OAI-PMH>
